5-Letter Ends Swap Quiz Stats

 Plays Quiz Updated Mar 6, 2019

Score 0/24 Timer 05:00
0 Plays Today
Definition 1 5-Letter Words % Correct
Third rock from the sunEARTH/HARTE
88.9%
Goes out withDATES/SATED
81%
Sound that might elicit a 'Gesundheit!'ACHOO/OCHOA
80.4%
Judges wear themROBES/SOBER
79.3%
Gives off, as radiationEMITS/SMITE
77.8%
Word that goes with 'sturm'DRANG/GRAND
75.8%
'The Iliad' and 'The Odyssey', for twoEPICS/SPICE
73.1%
What prunes once werePLUMS/SLUMP
71.8%
Type of choral compositionMOTET/TOTEM
71.7%
Muse of love poetryERATO/ORATE
68.3%
Chris Parnell's 'Archer' characterCYRIL/LYRIC
63.7%
Molecule makeupATOMS/STOMA
63.5%
Definition 1 5-Letter Words % Correct
Flightless birds of South AmericaRHEAS/SHEAR
63.2%
One of the simple machinesLEVER/REVEL
63.1%
FellowsMALES/SALEM
60.7%
Person who assigns 'John' or 'Jane', maybeNAMER/RAMEN
60.7%
ScreamSHOUT/THOUS
57.8%
Mongolian rulers of oldKHANS/SHANK
57.5%
Furious outburstsRAGES/SAGER
52.1%
Rod who won 11 Grand Slam titlesLAVER/RAVEL
51.1%
Feline hybridLIGER/RIGEL
47.6%
Wooden pegDOWEL/LOWED
46.6%
TendonSINEW/WINES
39.1%
Ostracized personLEPER/REPEL
28.1%

You're not logged in!

Compare scores with friends on all Sporcle quizzes.
OR
Log In

Sporcle TV

Today on Sporcle TV


Watch our educational content, quiz creation guides, and fun videos on Sporcle TV.

Show Comments

Extras

Top Quizzes Today


Score Distribution

Your Account Isn't Verified!

In order to create a playlist on Sporcle, you need to verify the email address you used during registration. Go to your Sporcle Settings to finish the process.

Report this User

Report this user for behavior that violates our Community Guidelines.

Details: